000 00351pam a2200157a 44500
008 230515b1913 xxu||||| |||| 00| 0 eng d
020 _aNULL
041 _aMARATHI
082 _a1
100 _aPADHE
245 _aSART SHRICARAK SAMHITA-2
250 _a2
260 _aSANGALI
_bN.D.
_c1913
300 _a100
650 _aSART SHRICARAK SAMHITA-2
999 _c496950
_d496950